武汉地铁4号线 - Statistics

General Stats
  • This quiz has been taken 16 times
  • The average score is 19 of 37
Answer Stats
换乘线路 Answer % Correct
5/19号线(间接换乘) 武汉火车站
93%
2号线 洪山广场
87%
2号线 中南路
87%
3号线 王家湾
73%
7号线 武昌火车站
67%
6号线 钟家村
67%
柏林
67%
杨春湖
60%
铁机路
60%
楚河汉街
60%
梅苑小区
60%
5号线 复兴路
60%
拦江路
60%
工业四路
53%
园林路
53%
8号线 岳家嘴
53%
东亭
53%
青鱼嘴
53%
汉阳火车站
53%
十里铺
53%
玉龙路
53%
首义路
47%
五里墩
47%
七里庙
47%
蔡甸广场
47%
罗家港
40%
永安堂
40%
黄金口
40%
新农
40%
仁和路
33%
孟家铺
33%
新天
33%
集贤
33%
知音
33%
临嶂大道
33%
新庙村
33%
凤凰路
27%
No matching quizzes found
Score Distribution
Percent of People with Each Score
Percentile by Number Answered
Your Score History
You have not taken this quiz